| 000 | 00760nam a22001577a 4500 | ||
|---|---|---|---|
| 003 | OSt | ||
| 005 | 20150927155249.0 | ||
| 008 | 150927b xxu||||| |||| 00| 0 eng d | ||
| 040 | _cRUA | ||
| 082 | _aAGR YUN 1999 B025 Or.1 | ||
| 100 |
_91438 _aYUN, SINA. |
||
| 245 | _aEffectiveness of different bt varieties on crucifer inset pests kean svay district condition, ប្រសិទ្ធភាព ប៊ី ធី ប្រភេទផ្សេងៗគ្នាលើសត្វល្អិតបំផ្លាញដំណាំអំបូរ គ្រុយស៊ីហ្វែរ ក្នុងលក្ខខ័ណ្ឌស្រុកកៀនស្វាយ | ||
| 260 |
_aPhnom Penh _bRUA _c1999 |
||
| 300 |
_a43p. _bill. _c29cm. |
||
| 942 |
_2ddc _cAGR |
||
| 999 |
_c1352 _d1352 |
||